LEADER 00932cam2 22002771 450 001 SOBE00058133 005 20180130104308.0 100 $a20180130i1974 |||||ita|0103 ba 101 $aita 102 $aIT 200 0 $a1$fAbram Kardiner, Edward Preble 205 $a2. ed. 210 $aMilano$cBompiani$dstampa 1974 215 $a131 p.$d18 cm 461 1$1001E600200002036$12001 $a<>studio dell'uomo : i maestri dell'antropologia culturale / Abram Kardiner, Edward Preble 700 1$aKardiner$b, Abram$3A600200026041$4070$0123021 701 1$aPreble, Edward$3A600200026042$4070$0128345 801 0$aIT$bUNISOB$c20180130$gRICA 850 $aUNISOB 852 $aUNISOB$j850$m73945 912 $aSOBE00058133 940 $aM 102 Monografia moderna SBN 941 $aW 957 $a850$b002545$i-1$gSI$d73945$1rovito$2UNISOB$3UNISOB$420180130103154.0$520180130103222.0$6rovito 996 $a1$91728921 997 $aUNISOB LEADER 02578nam 2200649Ia 450 001 9910487547003321 005 20200520144314.0 010 $a1-000-18352-1 010 $a1-003-08716-7 010 $a1-4742-1583-1 010 $a1-282-47373-5 010 $a9786612473739 010 $a1-84788-344-3 035 $a(CKB)1000000000399934 035 $a(EBL)483729 035 $a(OCoLC)659289389 035 $a(SSID)ssj0000342783 035 $a(PQKBManifestationID)11231077 035 $a(PQKBTitleCode)TC0000342783 035 $a(PQKBWorkID)10288183 035 $a(PQKB)11208279 035 $a(MiAaPQ)EBC483729 035 $a(MiAaPQ)EBC6158260 035 $a(Au-PeEL)EBL483729 035 $a(CaPaEBR)ebr10367530 035 $a(CaONFJC)MIL247373 035 $a(OCoLC)893334714 035 $a(EXLCZ)991000000000399934 100 $a20070710d2007 uy 0 101 0 $aeng 135 $aur|n|---||||| 181 $ctxt 182 $cc 183 $acr 200 14$aThe senses of touch$b[electronic resource] $ehaptics, affects, and technologies /$fMark Paterson 210 $aOxford ;$aNew York $cBerg$dc2007 215 $a1 online resource (214 p.) 300 $aDescription based upon print version of record. 311 $a1-84520-479-4 311 $a1-84520-478-6 320 $aIncludes bibliographical references and index. 327 $aContents; Acknowledgements; Glossary; 1 The Primacy of Touch; 2 Learning How to See, Describing How to Feel: a 'Felt' Phenomenology; 3 Seeing with the Hands, Touching with the Eyes; 4 The Forgetting of Touch: Geometry with Eyes and Hands; 5 'How the World Touches Us': Haptic Aesthetics; 6 Tangible Play, Prosthetic Performance; 7 'Feel the Presence': the Technologies of Touch; 8 Affecting Touch: Flesh and Feeling-With; Notes; References; Index 330 $aTouch is the first sense to develop in the womb, yet often it is overlooked. This work examines the role of touching and feeling as part of the fabric of everyday, embodied experience. It examines the role of touch across a range of experiences including aesthetics, digital design, visual impairment and touch therapies. 606 $aTouch 606 $aSenses and sensation 608 $aElectronic books. 615 0$aTouch. 615 0$aSenses and sensation. 676 $a152.1/82 700 $aPaterson$b Mark$f1972-$0962648 801 0$bMiAaPQ 801 1$bMiAaPQ 801 2$bMiAaPQ 906 $aBOOK 912 $a9910487547003321 996 $aThe senses of touch$92182819 997 $aUNINA LEADER 01749nam0 22003733i 450 001 CAM0027236 005 20251003044105.0 010 $a9788864361611 100 $a20160215d2011 ||||0itac50 ba 101 | $aita 102 $ait 181 1$6z01$ai $bxxxe 182 1$6z01$an 183 1$6z01$anc$2RDAcarrier 200 1 $aˆL'‰Irpinia dell'accoglienza tra desiderio e realtà$fNicola Di Iorio 210 $aGrottaminarda$cDelta 3$d2011 215 $a247 p.$d23 cm 606 $aTurismo$xIrpinia$2FIR$3NAPC300624$9I 676 $a338.47914572$9BENI E SERVIZI. Turismo. Campania$v23 700 1$aDi Iorio$b, Nicola$3TO0V645395$0613214 801 3$aIT$bIT-000000$c20160215 850 $aIT-BN0095 $aIT-AV0007 $aIT-NA0079 $aIT-CE0072 $aIT-AV0193 $aIT-AV0053 $aIT-AV0045 901 $bNAP ME$cSALA A $n$ 901 $bNAP MV$cP $nSALA BIBLIOGRAFIA 901 $bNAP BN$cMAGAZZINO $nmagazzini correnti divisi per anni 901 $bNAP CE$cREGGIA $n$ 901 $bNAP AV$cSEZ. PROV.$nSezione Provinciale 901 $bNAP 01$cPOZZO LIB.$nVi sono collocati fondi di economia, periodici di ingegneria e scienze, periodici di economia e statistica e altri fondi comprendenti documenti di economia pervenuti in dono. 901 $bNAP MN$cS. LOCALE $n$ 912 $aCAM0027236 950 0$aBiblioteca Centralizzata di Ateneo$b1 v.$c1 v.$d 01POZZO LIB.DONI DEMM 440$e 01 0000086455E VMA 1 v. (precedente collocazione: POZZO LIB. F. BENCARDINO 289)$fB $h20220624$i20221125 977 $a 01$a AV$a BN$a CE$a ME$a MN$a MV 996 $aIrpinia dell'accoglienza tra desiderio e realtà$92981812 997 $aUNISANNIO